01442nam a2200337Ia 4500001001200000003000800012006001900020007001500039008004100054010001700095020004300112040002100155035002100176050002500197100003000222245013400252260005700386300001500443490002100458504005100479533015200530600004500682610004700727650004900774650004500823650004200868655002900910710001700939830002200956856012600978ebr10333631CaPaEBRm u cr cn|||||||||090304s2009 cou sb 001 0beng d z 2009006558 z9780870819414 (hardcover : alk. paper) aCaPaEBRcCaPaEBR a(OCoLC)46343093614aR154.S68bA27 2009eb1 aAbrams, Jeanne E.,d1951-10aDr. Charles David Spivakh[electronic resource] :ba Jewish immigrant and the American tuberculosis movement /cJeanne E. Abrams. aBoulder, CO :bUniversity Press of Colorado,cc2009. axi, 226 p.1 aTimberline Books aIncludes bibliographical references and index. aElectronic reproduction.bPalo Alto, Calif. :cebrary,d2011.nAvailable via World Wide Web.nAccess may be limited to ebrary affiliated libraries.10aSpivak, C. D.q(Charles D.),d1861-1927.20aJewish Consumptives' Relief Society (U.S.) 0aJewish physicianszUnited StatesvBiography. 0aJews, RussianzUnited StatesvBiography. 0aTuberculosiszUnited StatesxHistory. 7aElectronic books.2local2 aebrary, Inc. 0aTimberline books.40uhttp://site.ebrary.com/lib/rucke/Doc?id=10333631zAn electronic book accessible through the World Wide Web; click to view